00385 2200157 4500245005100000020002200051250001100073100001100084650001700095005001900112260004200131041001400173084000800187300002300195336000900218 aGirls' Corner Sahabat Baru NairacRisTeehText a978-602-03-3727-2 aCet. 2 aRisTee aNovel Remaja a20230714113831 aJakartabGramedia Pustaka Utamac2017 aIndonesia a813 a216 hlm. :c20 cm. atext